000 00414nam a2200157Ia 4500
008 240729s9999 xx 000 0 und d
022 _a2230-326X
245 0 _aPsoriasis: Targets and Therapy
260 _aUnited Kingdom
260 _bDove Medical Press
650 _a Dermatology
650 _aMedicine
856 _uhttps://doaj.org/toc/37527d3021e94acbb9f84430950305a2
942 _2ddc
942 _cDOAJEJ
999 _c73627
_d73627
945 _a1
_bMadushi Gamage
_c1
_dMadushi Gamage